बराक ओबामाः (Record no. 28691)

MARC details
000 -LEADER
fixed length control field 01733nam a22003017a 4500
005 - DATE AND TIME OF LATEST TRANSACTION
control field 20090727110611.0
008 - FIXED-LENGTH DATA ELEMENTS--GENERAL INFORMATION
fixed length control field 090608t xxu||||| |||| 00| 0 hin d
010 ## - LCCN (DPL NO)
LC control number HIN-87522
020 ## - INTERNATIONAL STANDARD BOOK NUMBER
International Standard Book Number 9788128812101
Terms of availability 95.00
035 ## - SYSTEM CONTROL NUMBER
System control number HN-59868
037 ## - SOURCE OF ACQUISITION
Source of stock number/acquisition DBAD / PUB
040 ## - CATALOGING SOURCE
Original cataloging agency dpl
Language of cataloging hn
082 ## - DEWEY DECIMAL CLASSIFICATION NUMBER
Classification number 973.931092
100 ## - MAIN ENTRY--PERSONAL NAME
Personal name तिवारी, राजीव
245 ## - TITLE STATEMENT
Title बराक ओबामाः
Statement of responsibility, etc राजीव तिवारी
Remainder of title अमेरिका के प्रथम अश्वेत राष्ट्रपति /
246 ## - VARYING FORM OF TITLE
Title proper/short title Barack Obama: America ke prathama ashweta raashtrapati
Remainder of title by Rajesh Tiwari
260 ## - PUBLICATION, DISTRIBUTION, ETC. (IMPRINT)
Place of publication, distribution, etc नई दिल्ली
Name of publisher, distributor, etc डायमंड पॉकेट बुक्स
Date of publication, distribution, etc 2009
270 ## - ADDRESS
Address एक्स-30, ओखला इंडस्ट्रियल एरिया, फेज-2
City नई दिल्ली
Postal code 110020
Telephone number 011-41611861, 40712100
Fax number 011-41611866
Electronic mail address sales@dpb.in
300 ## - PHYSICAL DESCRIPTION
Extent 200पृ.
Dimensions 22सेमी (अजिल्द)
Other physical details सचित्र
600 ## - SUBJECT ADDED ENTRY--PERSONAL NAME
Personal name ओबामा, बराक
600 ## - SUBJECT ADDED ENTRY--PERSONAL NAME
Personal name Obama, Barack
650 ## - SUBJECT ADDED ENTRY--TOPICAL TERM
Topical term or geographic name as entry element अफ्रीकी अमरीकी
General subdivision जीवनी
650 ## - SUBJECT ADDED ENTRY--TOPICAL TERM
Topical term or geographic name as entry element African Americans
General subdivision Biography |Presidents --Biography --United States
650 ## - SUBJECT ADDED ENTRY--TOPICAL TERM
Topical term or geographic name as entry element राष्ट्रपति
General subdivision जीवनी
Geographic subdivision संयुक्त राष्ट्र अमेरिका
650 ## - SUBJECT ADDED ENTRY--TOPICAL TERM
Topical term or geographic name as entry element Presidents
General subdivision Biography
Geographic subdivision United States
942 ## - ADDED ENTRY ELEMENTS (KOHA)
Source of classification or shelving scheme Dewey Decimal Classification
Item type Hindi Books
Call number suffix तिवारी
Classification part 973.931092
Holdings
Withdrawn status Lost status Source of classification or shelving scheme Damaged status Not for loan Home library Current library Date acquired Source of acquisition Cost, normal purchase price Total Checkouts Full call number Barcode Date last seen Copy number Cost, replacement price Koha item type
    Dewey Decimal Classification   Not For Loan D.B.Act.Division D.B.Act.Division 27/07/2009 DBAD / PUB 95.00   973.931092 तिवारी HN-59868 27/07/2009 1 95.00 Hindi Books

© Delhi Public Library
Hit Counter
free hit counter